00415nam a2200169 a 4500001000400000003000900004008004100013040002800054082001600082100002500098245002900123250000700152260003200159300001000191490002300201650002100224940CO-ViMGA141112s2004 ck r 000 u spa d aCO-ViMGAbspacCO-ViMGA a834.8 N437a1 aNietzsche, Friedrich10aAsí hablaba zaratustra a5a aMexico : bPorrúa, c1996 a183 p aSepan cuantos, 39514aENSAYOS ALEMANES